| 000 | 00572nam a22001695i 4500 | ||
|---|---|---|---|
| 001 | 54242 | ||
| 003 | ES-MaACL | ||
| 007 | t| | ||
| 008 | 960716s1888 fr ||||1| fre d | ||
| 040 |
_aCAM _bspa _cCAM |
||
| 100 | 1 |
_aFitting, Hermann. _951062 |
|
| 245 | 1 | 4 |
_aLes commencements de l'Ecole de Droit de Bologne / _cpar Hermann Fitting; traduit de l'allemand par Paul Leseur. |
| 260 |
_aParis : _bArthur Rousseau, _c1888 ( _eArcis-sur-Aube : _fimprimerie Léon Frémont) |
||
| 300 |
_aXIV, 136 p. ; _c23 cm. |
||
| 700 | 1 |
_aLeseur, Paul. _971837 |
|
| 852 |
_aES-MaACL _jG-5375 |
||
| 999 |
_c54242 _d54242 |
||